000 00317nam a22001217a 4500
003 OSt
005 20260211170628.0
008 260211b |||||||| |||| 00| 0 eng d
040 _cTimes Newspapers Ltd
082 _a305.42096
_bMAM
245 _aFeminist Africa
_bMilitarism, Conflict and Womens Activism
942 _2ddc
_cBK
999 _c4162
_d4162